000
00311nam a22001217a 4500
020
_a
0-13-822262-2
082
_a
333.7923 WAL'S
100
_a
WALTON, A.L,WARREN, E.H
_9
74773
245
_a
THE SELAR ALTERNATIVE AN ECONOMIC PERSPECTIVE
260
_a
NEWYORK
_b
PRENTIC HALL
_c
1982
300
_a
173P
942
_c
BK
999
_c
580273
_d
580273